| 000 | 00635nam a2200217Ia 4500 | ||
|---|---|---|---|
| 003 | BUBTL | ||
| 008 | 151213s9999 xx 000 0 und d | ||
| 082 | _a340.54 / L5101c / 1987 | ||
| 100 | _aLee, R. W. | ||
| 245 |
_aCupidae Legum Juventuti ,, The Elements of Roman Law , With A Translation of The Institutes of Justinian _cR. W. Lee |
||
| 250 | _a4th | ||
| 260 |
_aLondon _bSweet & Manwell _cc1956 |
||
| 300 |
_a[xxviii], p . : _c22 cm . |
||
| 500 | _aIncludes Index | ||
| 650 | _aLaw | ||
| 650 |
_aLaw _94257 |
||
| 700 | _aR. W. Lee | ||
| 856 |
_k0 _l0 _yDownload |
||
| 942 |
_2ddc _cBK |
||
| 999 |
_c2467 _d2467 |
||